000 01292cam a2200265 a 4500
001 000008241
005 20200929161322.0
008 770310s1974 cu b f000 e spa
040 _aDO-SdBNP
_cDLC
_dDLC
082 _aCu864.4
_bF825e
100 1 _aFranco, José Luciano,
_d1891-1989
_99643
245 1 0 _aEnsayos históricos /
_cJosé Luciano Franco ; prólogo de Julio Le Riverend, edición de Jorge Pérez.
260 _aLa Habana :
_bEditorial de Ciencias Sociales,
_c1974.
300 _a230 p. ;
_c18 cm.
490 1 _aNuestra historia
504 _aIncluye referencias bibliográficas
505 0 _aEsquemas de los movimientos populares de liberación nacional, 1511-1868.--Piratas, corsarios, filibusteros y contrabandistas, siglos XVIII y XIX.--La conspiración de Morales.--Comercio clandestino de esclavos en el siglo XIX.--La conspiración de Aponte, 1812.--La conjura de los negreros.--La Revolución Cubana en la prensa norteamericana.--Riesgos y desventuras tricontinentales de José Maceo.
650 4 _aEnsayos cubanos
_95691
650 4 _aLiteratura cubana
_91483
651 4 _aCuba
_xHistoria
_9493
700 1 _aPérez, Jorge,
_eed.
_922354
700 1 _aRiverend, Julio Le,
_eprol.
_922355
830 0 _aNuestra historia
_922356
910 _aCatalogación por copia / LC
999 _c8012
_d8012